El Comité Consultivo de Emergencia para la Defensa Política. (Record no. 89957)

MARC details
000 -LEADER
fixed length control field 01311cam a22003131 4500
001 - CONTROL NUMBER
control field sd 45000072
003 - CONTROL NUMBER IDENTIFIER
control field DLC
005 - DATE AND TIME OF LATEST TRANSACTION
control field 20260227112735.0
008 - FIXED-LENGTH DATA ELEMENTS--GENERAL INFORMATION
fixed length control field 790207s1945 uy 000 0 spa c
010 ## - LIBRARY OF CONGRESS CONTROL NUMBER
LC control number sd 45000072
035 ## - SYSTEM CONTROL NUMBER
System control number (OCoLC)4628569
040 ## - CATALOGING SOURCE
Original cataloging agency United States. Department of State. Library
Transcribing agency TxU
Modifying agency TxU
-- DLC
041 0# - LANGUAGE CODE
Language code of text/sound track or separate title spaeng
042 ## - AUTHENTICATION CODE
Authentication code premarc
050 00 - LIBRARY OF CONGRESS CALL NUMBER
Classification number E18.85
Item number .S718
082 ## - DEWEY DECIMAL CLASSIFICATION NUMBER
Classification number 970
100 1# - MAIN ENTRY--PERSONAL NAME
Personal name Spaeth, Carl Bernhardt,
Dates associated with a name 1907-
245 03 - TITLE STATEMENT
Title El Comité Consultivo de Emergencia para la Defensa Política.
260 ## - PUBLICATION, DISTRIBUTION, ETC.
Place of publication, distribution, etc. Montevideo,
Name of publisher, distributor, etc. "Impresora Uruguaya" s.a.,
Date of publication, distribution, etc. 1945.
300 ## - PHYSICAL DESCRIPTION
Extent 52 p., 2 l.
Dimensions 19 cm.
500 ## - GENERAL NOTE
General note At head of title: Carl B. Spaeth ... y William Sanders ...
500 ## - GENERAL NOTE
General note "Traducción directa del inglés por Eduardo Jiménez de Aréchaga (h.)"
500 ## - GENERAL NOTE
General note "La versión inglesa de este artículo fué publicada en el 'American journal of international law'. Volumen 38, n.⁰ 2, abril de 1944."
500 ## - GENERAL NOTE
General note "Apartado de 'La Revista de derecho, jurisprudencia y administración,' agosto y octubre de 1944."
610 20 - SUBJECT ADDED ENTRY--CORPORATE NAME
Corporate name or jurisdiction name as entry element Inter-American Emergency Advisory Committee for Political Defense.
651 #0 - SUBJECT ADDED ENTRY--GEOGRAPHIC NAME
Geographic name America
General subdivision Defenses.
700 1# - ADDED ENTRY--PERSONAL NAME
Personal name Sanders, William,
Dates associated with a name 1904-
Relator term joint author.
700 2# - ADDED ENTRY--PERSONAL NAME
Personal name Jiménez de Aréchaga, Eduardo,
Dates associated with a name 1885-
Relator term tr.

No items available.

Powered by Koha